000 00299nam a22001337a 4500
008 171012b xxu||||| |||| 00| 0 eng d
020 _a9781269124164
041 _aeng
080 _a316
100 _a50
101 _aSOC
245 _aTHE INTERSECTIONS COLLECTION
_cTIEMANN,K.A
942 _2udc
_cBK
999 _c33532
_d33532